Second 'H' Countries Quiz Stats

 Plays Quiz Updated Aug 11, 2015

Score 0/7 Timer 02:00
2 Plays Today
% Correct
China
80.7%
Thailand
73.4%
Ghana
68%
Bhutan
66.3%
Chile
64.6%
Chad
60.7%
Philippines
55.6%

You're not logged in!

Compare scores with friends on all Sporcle quizzes.
OR
Log In

Show Comments

Extras

Top Quizzes Today


Score Distribution

Your Account Isn't Verified!

In order to create a playlist on Sporcle, you need to verify the email address you used during registration. Go to your Sporcle Settings to finish the process.

Report this User

Report this user for behavior that violates our Community Guidelines.

Details: